00366cam a2200157ua 45000010005000000080039000050400009000440410008000530820009000611000032000702450038001022500009001402600029001493000010001786530020001888642150210n xxk |||gr||||Z||||||eng cMAIN aeng a823N aFitzgerald, F. S.,eAuthor.1 aGreat gatsbycBy F. S. Fitzgerald a1st. aLondon:bPenguin,c1963. a186p. aEnglish fiction